Applying RCS and SCCS

Αποθηκεύτηκε σε:
Λεπτομέρειες βιβλιογραφικής εγγραφής
Κύριος συγγραφέας: Bolinger, Don
Άλλοι συγγραφείς: Bronson, Tan
Μορφή: Βιβλίο
Γλώσσα:English
Δημοσίευση: Beijing ; Cambridge : O'Reilly, 1995
Σειρά:Nutshell handbook
Θέματα:
Ετικέτες: Προσθήκη ετικέτας
Δεν υπάρχουν, Καταχωρήστε ετικέτα πρώτοι!

MARC

LEADER 00000nam a2200000 i 4500
001 1/97238
008 991218s1995 eng d
020 |a 1565921178 
035 |l 10056060 
040 |a GR-MY-UA  |b gre  |e aacr 
041 0 |a eng 
082 0 |a 005.1 
100 1 |a Bolinger, Don. 
245 1 0 |a Applying RCS and SCCS /  |c Don Bolinger and Tan Bronson 
260 |a Beijing ; Cambridge :   |b O'Reilly,   |c 1995 
300 |a xxiii, 501 p.;  |b ill.;  |c 28 cm. 
490 1 |a Nutshell handbook 
504 |a Includes bibliographical references and index 
630 0 0 |a UNIX SCCS. 
630 0 0 |a UNIX RCS. 
650 0 0 |a File organization (Computer science) 
700 1 |a Bronson, Tan. 
830 0 |a Nutshell handbook 
852 |a INST  |b SAMOS  |e 19991218  |h 005.1 BOL  |p 005300016140  |q 005300016140  |t BK  |y 0 
901 |a BIBL3-1999-3 
909 |a Σ  |b 071488 
922 |a 3ΕΛΗ  |b 199912  |c ΤΠΕΣ  |d ΠΑΠΑΣΩΤΗΡΙΟΥ 
970 |a ΓΕΝΟΥΖΟΥ  |b ΧΡΥΣΑΝΘΗ  |z 1999/12/18